[Event "Madrid 2019-2020 ch - Previa A"]
[Site "Madrid ESP"]
[Date "2020.02.19"]
[Round "9.8"]
[White "Alises Fontecha, Juan"]
[Black "Garcia Sanz, Eduardo"]
[Result "1-0"]
[WhiteElo "1586"]
[BlackElo "1832"]
[PlyCount "79"]
[EventDate "2020.02.03"]
[EventType "swiss"]
[EventRounds "9"]
[EventCountry "ESP"]
[SourceTitle "Ajedrez en Madrid"]
[Source "lmi"]
[SourceDate "2020.02.03"]
[SourceVersion "1"]
[SourceVersionDate "2020.02.27"]
[SourceQuality "1"]

1. e4 c5 2. c3 e6 3. d4 cxd4 4. cxd4 Nf6 5. Nc3 Bb4 6. Bd3 Nc6 7. Nf3 h6 8. O-O
d5 9. e5 Nd7 10. Be3 a6 11. Nd2 Ndxe5 12. dxe5 d4 13. Qg4 Bf8 14. Nc4 dxe3 15.
Nd6+ Bxd6 16. exd6 Qxd6 17. Qxg7 Qe5 18. Qg4 exf2+ 19. Rxf2 Bd7 20. Qf3 Rf8 21.
Ne4 O-O-O 22. Rc1 f5 23. Nc5 Qd5 24. Qe3 Kb8 25. Nxa6+ Kc8 26. Nb4 Qd6 27. a3
Rde8 28. Qb6 Qc7 29. Qc5 Kd8 30. Bb5 f4 31. Rd2 Rf5 32. Nxc6+ bxc6 33. Qxc6
Qxc6 34. Bxc6 Re7 35. Rcd1 Rff7 36. Rxd7+ Rxd7 37. Rxd7+ Rxd7 38. Bxd7 Kxd7 39.
g3 e5 40. gxf4 1-0

[Event "Madrid 2019-2020 ch - Previa A"]
[Site "Madrid ESP"]
[Date "2020.02.19"]
[Round "9.9"]
[White "Barahona Torrijos, Angel"]
[Black "Giron Herranz, Juan"]
[Result "0-1"]
[WhiteElo "1827"]
[BlackElo "1580"]
[PlyCount "86"]
[EventDate "2020.02.03"]
[EventType "swiss"]
[EventRounds "9"]
[EventCountry "ESP"]
[SourceTitle "Ajedrez en Madrid"]
[Source "lmi"]
[SourceDate "2020.02.03"]
[SourceVersion "1"]
[SourceVersionDate "2020.02.27"]
[SourceQuality "1"]

1. e4 c6 2. Nc3 d5 3. Qf3 d4 4. Bc4 e6 5. Nce2 Qf6 6. d3 e5 7. Bd2 Bd6 8. c3 c5
9. Ng3 Qxf3 10. Nxf3 Ne7 11. cxd4 cxd4 12. O-O Nbc6 13. a3 O-O 14. b4 a6 15. b5
axb5 16. Bxb5 Rxa3 17. Rxa3 Bxa3 18. Ra1 Bd6 19. h4 Bg4 20. Nh2 Be6 21. Ne2 Rc8
22. f4 f6 23. f5 Bf7 24. g4 Bb4 25. Nf3 Bxd2 26. Nxd2 Nb4 27. Nc4 Bxc4 28.
Bxc4+ Kf8 29. g5 Nc2 30. Ra7 Ne3 31. Be6 Rb8 32. Ng3 Nc6 33. Ra1 Ke7 34. Nh5
fxg5 35. Nxg7 gxh4 36. Kh2 Nb4 37. Rg1 Ra8 38. Nh5 Nxd3 39. Rg7+ Kd6 40. Rxb7
Nc5 41. Rxh7 Nxe6 42. fxe6 Kxe6 43. Ng7+ Kf6 0-1

[Event "Madrid 2019-2020 ch - Previa A"]
[Site "Madrid ESP"]
[Date "2020.02.19"]
[Round "9.10"]
[White "Esteban Amo, Jose M."]
[Black "Jimenez Gonzalez, Marcos"]
[Result "0-1"]
[WhiteElo "1932"]
[BlackElo "1811"]
[PlyCount "60"]
[EventDate "2020.02.03"]
[EventType "swiss"]
[EventRounds "9"]
[EventCountry "ESP"]
[SourceTitle "Ajedrez en Madrid"]
[Source "lmi"]
[SourceDate "2020.02.03"]
[SourceVersion "1"]
[SourceVersionDate "2020.02.27"]
[SourceQuality "1"]

1. d4 Nf6 2. Nf3 e6 3. e3 b6 4. Bd3 Bb7 5. Nbd2 Be7 6. O-O O-O 7. b3 c5 8. Bb2
Nc6 9. a3 d5 10. Ne5 cxd4 11. exd4 Nd7 12. f4 f5 13. Qe2 Ndxe5 14. fxe5 a5 15.
Rf3 g6 16. Raf1 Qc8 17. g4 Ba6 18. gxf5 Bxd3 19. Qxd3 exf5 20. c4 Qe6 21. cxd5
Qxd5 22. Nc4 Rad8 23. Ne3 Qe6 24. Qb5 Nxd4 25. Bxd4 Rxd4 26. Nc4 Bc5 27. Kh1
Rfd8 28. Nxa5 Rh4 29. Nc4 Qd5 30. Nxb6 Rxh2+ 0-1

[Event "Madrid 2019-2020 ch - Previa A"]
[Site "Madrid ESP"]
[Date "2020.02.19"]
[Round "9.11"]
[White "Ruiz Quevedo, Andres"]
[Black "Roldan Garcia, Angel"]
[Result "0-1"]
[WhiteElo "1898"]
[BlackElo "1809"]
[PlyCount "69"]
[EventDate "2020.02.03"]
[EventType "swiss"]
[EventRounds "9"]
[EventCountry "ESP"]
[SourceTitle "Ajedrez en Madrid"]
[Source "lmi"]
[SourceDate "2020.02.03"]
[SourceVersion "1"]
[SourceVersionDate "2020.02.27"]
[SourceQuality "1"]

1. g3 Nf6 2. Bg2 g6 3. c4 Bg7 4. Nc3 d6 5. b4 O-O 6. Bb2 e5 7. e3 Nbd7 8. Nge2
c6 9. O-O Re8 10. Qc2 Nb6 11. d3 Bf5 12. e4 Be6 13. Na4 Nxa4 14. Qxa4 Qd7 15.
b5 cxb5 16. Qxb5 Qxb5 17. cxb5 Rec8 18. Rfc1 Rxc1+ 19. Rxc1 Bxa2 20. Rc7 Rb8
21. Ba3 Ne8 22. Rc2 Be6 23. f4 Bd7 24. fxe5 dxe5 25. Rb2 Bf8 26. Bxf8 Kxf8 27.
d4 exd4 28. Nxd4 Nd6 29. Kf2 Re8 30. e5 Rxe5 31. Ra2 Nxb5 32. Nxb5 Rxb5 33.
Rxa7 Rb2+ 34. Kg1 Bc6 35. h4 0-1

[Event "Madrid 2019-2020 ch - Previa A"]
[Site "Madrid ESP"]
[Date "2020.02.19"]
[Round "9.12"]
[White "Del Castillo Izquierdo, Jose"]
[Black "Marcos Herrero, Francisco"]
[Result "0-1"]
[WhiteElo "1602"]
[BlackElo "1883"]
[PlyCount "84"]
[EventDate "2020.02.03"]
[EventType "swiss"]
[EventRounds "9"]
[EventCountry "ESP"]
[SourceTitle "Ajedrez en Madrid"]
[Source "lmi"]
[SourceDate "2020.02.03"]
[SourceVersion "1"]
[SourceVersionDate "2020.02.27"]
[SourceQuality "1"]

1. d4 Nf6 2. Nf3 c5 3. d5 e6 4. c4 d6 5. Nc3 Be7 6. e4 e5 7. Be2 O-O 8. Qb3
Nbd7 9. a4 Qb6 10. Nb5 Nxe4 11. Nd2 Nxd2 12. Bxd2 a6 13. a5 Qd8 14. Nc3 f5 15.
g4 Bh4 16. gxf5 Rxf5 17. Ne4 Nf6 18. Ng3 Rf4 19. Bxf4 exf4 20. Qc2 fxg3 21.
hxg3 Bg5 22. f4 Bh6 23. Bd3 Bd7 24. Kd2 Qf8 25. Rae1 Re8 26. Bf5 Bxf5 27. Rxe8
Nxe8 28. Qb3 Bc8 29. Qb6 g6 30. Re1 Bg7 31. Qd8 Nf6 32. Qc7 Bf5 33. Qxb7 Ne4+
34. Kc1 Bc8 35. Qc6 Nf6 36. Kb1 Bf5+ 37. Ka2 Qb8 38. Re7 Nd7 39. Re2 Qb4 40. b3
Qxa5+ 41. Qa4 Qc3 42. b4 Qxc4+ 0-1

[Event "Madrid 2019-2020 ch - Previa A"]
[Site "Madrid ESP"]
[Date "2020.02.19"]
[Round "9.13"]
[White "Lozano Sanchez, Jose Antonio"]
[Black "Hernandez Garcia, Carlos"]
[Result "0-1"]
[WhiteElo "1832"]
[BlackElo "1679"]
[PlyCount "74"]
[EventDate "2020.02.03"]
[EventType "swiss"]
[EventRounds "9"]
[EventCountry "ESP"]
[SourceTitle "Ajedrez en Madrid"]
[Source "lmi"]
[SourceDate "2020.02.03"]
[SourceVersion "1"]
[SourceVersionDate "2020.02.27"]
[SourceQuality "1"]

1. e4 c5 2. Nf3 d6 3. Bc4 e6 4. Nc3 Nf6 5. d3 Nc6 6. O-O Be7 7. h3 O-O 8. Bf4
a6 9. a4 d5 10. exd5 exd5 11. Ba2 d4 12. Ne2 Nd5 13. Qd2 Nxf4 14. Nxf4 b5 15.
axb5 Nb4 16. Bc4 Bb7 17. Nh2 axb5 18. Bxb5 Bg5 19. g3 Nd5 20. Bc4 Bxf4 21. gxf4
Qh4 22. Rxa8 Rxa8 23. Bxd5 Bxd5 24. Qe2 Qxh3 25. Qg4 Qxg4+ 26. Nxg4 f6 27. Rb1
h5 28. Nh2 Kh7 29. Nf1 h4 30. Nd2 Re8 31. Kf1 Kg6 32. f3 Kf5 33. Ne4 Kxf4 34.
Kf2 f5 35. Nxc5 Bxf3 36. Kg1 Re2 37. Nb3 h3 0-1

[Event "Madrid 2019-2020 ch - Previa A"]
[Site "Madrid ESP"]
[Date "2020.02.19"]
[Round "9.14"]
[White "Hernandez Gutierrez, Jose"]
[Black "Camarero Izquierdo, Juan Carlos"]
[Result "1-0"]
[WhiteElo "1784"]
[BlackElo "1828"]
[PlyCount "87"]
[EventDate "2020.02.03"]
[EventType "swiss"]
[EventRounds "9"]
[EventCountry "ESP"]
[SourceTitle "Ajedrez en Madrid"]
[Source "lmi"]
[SourceDate "2020.02.03"]
[SourceVersion "1"]
[SourceVersionDate "2020.02.27"]
[SourceQuality "1"]

1. d4 f5 2. Nf3 e6 3. g3 c6 4. Bg2 d5 5. O-O Nf6 6. c4 Bd6 7. b3 Qe7 8. Ne5
Nbd7 9. Bb2 O-O 10. Nd2 Ne4 11. Ndf3 Ndf6 12. h3 Bd7 13. Ne1 Be8 14. N1d3 Nh5
15. Kh2 g5 16. Qc1 f4 17. g4 Ng7 18. a4 h5 19. Ba3 Bxa3 20. Rxa3 hxg4 21. hxg4
Rf6 22. Bxe4 dxe4 23. Nc5 Rh6+ 24. Kg2 Rd8 25. Qa1 e3 26. fxe3 fxe3 27. b4 b6
28. Ne4 c5 29. bxc5 bxc5 30. dxc5 Qb7 31. Qb1 Qa8 32. Nf3 Bg6 33. Rxe3 Rf8 34.
Nfxg5 Rxf1 35. Qxf1 Ne8 36. Qf4 Nf6 37. Kf1 Nh7 38. Nf3 Kg7 39. Qe5+ Kg8 40.
Qxe6+ Kg7 41. Qe5+ Kg8 42. Nf6+ Nxf6 43. Qxf6 Kh7 44. Ng5+ 1-0

[Event "Madrid 2019-2020 ch - Previa A"]
[Site "Madrid ESP"]
[Date "2020.02.19"]
[Round "9.15"]
[White "Corral Aragon, Juan Maria"]
[Black "De Diego Ferrer, Emilio"]
[Result "1-0"]
[WhiteElo "1766"]
[BlackElo "1883"]
[PlyCount "101"]
[EventDate "2020.02.03"]
[EventType "swiss"]
[EventRounds "9"]
[EventCountry "ESP"]
[SourceTitle "Ajedrez en Madrid"]
[Source "lmi"]
[SourceDate "2020.02.03"]
[SourceVersion "1"]
[SourceVersionDate "2020.02.27"]
[SourceQuality "1"]

1. e4 c6 2. d4 d5 3. exd5 cxd5 4. Nf3 Nc6 5. Bb5 a6 6. Bxc6+ bxc6 7. O-O Bg4 8.
c4 Bxf3 9. Qxf3 e6 10. Nc3 Qf6 11. Qg3 h5 12. Qc7 Ne7 13. Qb7 Rd8 14. Qxa6 h4
15. h3 g5 16. cxd5 exd5 17. Re1 g4 18. Nb5 Bg7 19. Nc7+ Kf8 20. b3 Kg8 21. Ba3
Ng6 22. Ne8 Qf4 23. Nxg7 Kxg7 24. Qd3 gxh3 25. Qxh3 Rh5 26. Re2 Qf6 27. Bc1 Rf5
28. Qg4 Rg8 29. Rc2 Re8 30. Be3 Re4 31. Qh3 Nf4 32. Bxf4 Rexf4 33. Rf1 Qxd4 34.
Qc3 Rf6 35. Qxd4 Rxd4 36. Rfc1 Rdf4 37. Rxc6 Rxf2 38. Rxf6 Rxf6 39. a4 Rb6 40.
Rb1 Kf6 41. a5 Ra6 42. b4 Ke5 43. Kf2 Kd4 44. Rh1 Kc3 45. Rxh4 Re6 46. b5 d4
47. a6 d3 48. a7 Re2+ 49. Kf3 Ra2 50. b6 Ra1 51. Rh8 1-0

[Event "Madrid 2019-2020 ch - Previa A"]
[Site "Madrid ESP"]
[Date "2020.02.19"]
[Round "9.16"]
[White "Pinel Mirasierra, Jose Pablo"]
[Black "Martin Vazquez, Jose Luis"]
[Result "1-0"]
[WhiteElo "1966"]
[BlackElo "1789"]
[PlyCount "72"]
[EventDate "2020.02.03"]
[EventType "swiss"]
[EventRounds "9"]
[EventCountry "ESP"]
[SourceTitle "Ajedrez en Madrid"]
[Source "lmi"]
[SourceDate "2020.02.03"]
[SourceVersion "1"]
[SourceVersionDate "2020.02.27"]
[SourceQuality "1"]

1. d4 Nf6 2. c4 g6 3. g3 Bg7 4. Bg2 d6 5. Nc3 O-O 6. Nf3 Nc6 7. O-O Bf5 8. Re1
Ne4 9. Nh4 Nxc3 10. bxc3 Bd7 11. e4 Rb8 12. Rb1 a6 13. Be3 Na5 14. Qd3 b5 15.
cxb5 Bxb5 16. Qd1 Nc4 17. Nf3 Nxe3 18. Rxe3 c5 19. Re1 Qa5 20. Qc2 Bc4 21. a4
Be6 22. h3 d5 23. Ne5 Rxb1 24. Rxb1 Qc7 25. exd5 Bf5 26. Be4 cxd4 27. Nc6 Bxh3
28. cxd4 e6 29. Qc5 Bf6 30. d6 Qd7 31. Nb8 Qd8 32. Nxa6 Bf5 33. Bxf5 exf5 34.
Nc7 Qd7 35. Nd5 Bg5 36. f4 Rc8 1-0

[Event "Madrid 2019-2020 ch - Previa A"]
[Site "Madrid ESP"]
[Date "2020.02.19"]
[Round "9.17"]
[White "Viñas Lopez, Carlos"]
[Black "Garcia Gonzalez, Pedro A."]
[Result "1-0"]
[WhiteElo "1876"]
[BlackElo "1743"]
[PlyCount "67"]
[EventDate "2020.02.03"]
[EventType "swiss"]
[EventRounds "9"]
[EventCountry "ESP"]
[SourceTitle "Ajedrez en Madrid"]
[Source "lmi"]
[SourceDate "2020.02.03"]
[SourceVersion "1"]
[SourceVersionDate "2020.02.27"]
[SourceQuality "1"]

1. b3 e5 2. Bb2 Nc6 3. e3 d5 4. Bb5 Bd6 5. f4 Qh4+ 6. g3 Qe7 7. Nf3 f6 8. Nc3
Be6 9. O-O exf4 10. exf4 Qf7 11. Qe2 Nge7 12. Rfe1 Bd7 13. d4 O-O 14. Qf2 a6
15. Bf1 Kh8 16. Na4 b6 17. c4 Bb4 18. Nc3 Rfe8 19. a3 Bxc3 20. Bxc3 Na5 21. Nd2
Nac6 22. Bg2 Rad8 23. c5 Bf5 24. b4 Qg6 25. Re3 h5 26. Rae1 Qf7 27. Qe2 g6 28.
cxb6 cxb6 29. Qxa6 Ra8 30. Qxb6 Rxa3 31. b5 Rc8 32. bxc6 Rxc6 33. Qb4 Raxc3 34.
Rxc3 1-0

[Event "Madrid 2019-2020 ch - Previa A"]
[Site "Madrid ESP"]
[Date "2020.02.19"]
[Round "9.18"]
[White "Gonzalez Recas, Fernando"]
[Black "Pashov, Spas Nikolov"]
[Result "0-1"]
[WhiteElo "1548"]
[BlackElo "1837"]
[PlyCount "57"]
[EventDate "2020.02.03"]
[EventType "swiss"]
[EventRounds "9"]
[EventCountry "ESP"]
[SourceTitle "Ajedrez en Madrid"]
[Source "lmi"]
[SourceDate "2020.02.03"]
[SourceVersion "1"]
[SourceVersionDate "2020.02.27"]
[SourceQuality "1"]

1. e4 e5 2. Nf3 Nc6 3. Bb5 f5 4. d3 fxe4 5. dxe4 Nf6 6. Nc3 Bb4 7. Bd2 d6 8.
Qe2 Bg4 9. h3 Bxf3 10. Qxf3 O-O 11. Bxc6 bxc6 12. Qe2 Bxc3 13. Bxc3 Qe8 14.
O-O-O Qf7 15. Kb1 Nh5 16. g4 Nf4 17. Qa6 c5 18. b3 Rfb8 19. Bd2 Rb6 20. Qa3 Ne6
21. Be3 a5 22. Ka1 Rb4 23. c4 Qf3 24. Bd2 Rxc4 25. Qb2 Rxe4 26. Be3 Rb4 27. a3
Rbb8 28. Qc2 Nd4 29. Bxd4 0-1

[Event "Madrid 2019-2020 ch - Previa A"]
[Site "Madrid ESP"]
[Date "2020.02.19"]
[Round "9.19"]
[White "Martinez Martinez, Javier II"]
[Black "Lopez Orellana, Federico"]
[Result "1/2-1/2"]
[WhiteElo "1595"]
[BlackElo "1705"]
[PlyCount "46"]
[EventDate "2020.02.03"]
[EventType "swiss"]
[EventRounds "9"]
[EventCountry "ESP"]
[SourceTitle "Ajedrez en Madrid"]
[Source "lmi"]
[SourceDate "2020.02.03"]
[SourceVersion "1"]
[SourceVersionDate "2020.02.27"]
[SourceQuality "1"]

1. d4 b6 2. Nf3 Bb7 3. c4 e6 4. Nc3 f5 5. Bg5 Be7 6. Bxe7 Qxe7 7. e3 Nf6 8. Bd3
O-O 9. Qc2 d6 10. O-O-O Nbd7 11. h4 d5 12. Ne5 Nxe5 13. dxe5 Ne4 14. f3 Nxc3
15. Qxc3 Rad8 16. Bc2 c5 17. a3 f4 18. Qd3 g6 19. h5 dxc4 20. Qxc4 g5 21. Rxd8
Rxd8 22. exf4 Rd4 23. Qb5 gxf4 1/2-1/2

[Event "Madrid 2019-2020 ch - Previa A"]
[Site "Madrid ESP"]
[Date "2020.02.19"]
[Round "9.20"]
[White "Loriente Del Real, Alberto"]
[Black "Martin-Buitrago Lopez, Antonio"]
[Result "0-1"]
[WhiteElo "1288"]
[BlackElo "1641"]
[PlyCount "68"]
[EventDate "2020.02.03"]
[EventType "swiss"]
[EventRounds "9"]
[EventCountry "ESP"]
[SourceTitle "Ajedrez en Madrid"]
[Source "lmi"]
[SourceDate "2020.02.03"]
[SourceVersion "1"]
[SourceVersionDate "2020.02.27"]
[SourceQuality "1"]

1. e4 e6 2. d4 d5 3. e5 c5 4. c3 Nc6 5. Nf3 Qb6 6. Be2 Bd7 7. Na3 cxd4 8. cxd4
Bxa3 9. bxa3 Nge7 10. O-O Rc8 11. Be3 Na5 12. Rb1 Qd8 13. Nd2 b6 14. Bd3 Rc3
15. Qe2 Qc7 16. f4 O-O 17. Rf3 h6 18. f5 exf5 19. Rbf1 Rc1 20. Rxc1 Qxc1+ 21.
Nf1 Qa1 22. h4 Nac6 23. Rg3 Ng6 24. Qh5 Nce7 25. Rxg6 fxg6 26. Qe2 f4 27. Bf2
h5 28. Bb5 Bg4 29. Qc2 Rc8 30. Qb3 Qc3 31. Qb1 Bf5 32. Qd1 Qxa3 33. Qe2 Rc2 34.
Qe1 Qxa2 0-1

[Event "Madrid 2019-2020 ch - Previa A"]
[Site "Madrid ESP"]
[Date "2020.02.19"]
[Round "9.21"]
[White "Villodre Miranda, Juan Alonso"]
[Black "Penas Merino, Ramona"]
[Result "1-0"]
[WhiteElo "1582"]
[BlackElo "1422"]
[PlyCount "115"]
[EventDate "2020.02.03"]
[EventType "swiss"]
[EventRounds "9"]
[EventCountry "ESP"]
[SourceTitle "Ajedrez en Madrid"]
[Source "lmi"]
[SourceDate "2020.02.03"]
[SourceVersion "1"]
[SourceVersionDate "2020.02.27"]
[SourceQuality "1"]

1. c4 e5 2. e4 Nc6 3. Nc3 Bc5 4. g3 d6 5. h3 Be6 6. d3 Nf6 7. Bg2 Nd4 8. Nge2
c6 9. O-O O-O 10. Nxd4 Bxd4 11. Ne2 Bc5 12. Kh2 Nd7 13. f4 f5 14. exf5 Bxf5 15.
g4 Bg6 16. f5 Bf7 17. b3 Qc7 18. d4 exd4 19. Nxd4 d5+ 20. Bf4 Bd6 21. Bxd6
Qxd6+ 22. Kh1 dxc4 23. Ne6 Qxd1 24. Raxd1 Bxe6 25. fxe6 Rxf1+ 26. Bxf1 Nf6 27.
Bxc4 Kf8 28. Rf1 Ke7 29. g5 Nd5 30. Rf7+ Kxe6 31. Rxb7 Kf5 32. Rxg7 a5 33. h4
a4 34. Rxh7 axb3 35. Bxb3 Re8 36. Bxd5 Re1+ 37. Kg2 cxd5 38. Rf7+ Kg4 39. g6
Re2+ 40. Kf1 Re6 41. g7 Rg6 42. Ke2 Kxh4 43. a4 d4 44. Kd3 Kh5 45. Kxd4 Kh6 46.
Kc5 Kh7 47. a5 Kg8 48. Rd7 Rg5+ 49. Kb6 Rg2 50. a6 Rb2+ 51. Ka7 Rb3 52. Rb7 Ra3
53. Rd7 Rb3 54. Ka8 Rb4 55. a7 Rb3 56. Rb7 Rd3 57. Kb8 Rd8+ 58. Kc7 1-0

[Event "Madrid 2019-2020 ch - Previa A"]
[Site "Madrid ESP"]
[Date "2020.02.19"]
[Round "9.23"]
[White "Cruz Gonzalez, Antonio"]
[Black "Lopez Guitian, Juan J."]
[Result "1-0"]
[WhiteElo "1719"]
[BlackElo "1497"]
[PlyCount "87"]
[EventDate "2020.02.03"]
[EventType "swiss"]
[EventRounds "9"]
[EventCountry "ESP"]
[SourceTitle "Ajedrez en Madrid"]
[Source "lmi"]
[SourceDate "2020.02.03"]
[SourceVersion "1"]
[SourceVersionDate "2020.02.27"]
[SourceQuality "1"]

1. e4 c5 2. Nf3 Nc6 3. d3 g6 4. g3 Bg7 5. c3 d6 6. Bg2 e6 7. O-O Nge7 8. Re1
O-O 9. Nbd2 Rb8 10. Nf1 b5 11. a3 a5 12. Ne3 b4 13. axb4 axb4 14. d4 bxc3 15.
bxc3 Qb6 16. Nc4 Qc7 17. Bf4 e5 18. dxe5 dxe5 19. Be3 Rd8 20. Qc1 Be6 21. Bf1
Bxc4 22. Bxc4 Na5 23. Ra4 Nxc4 24. Rxc4 Rb5 25. Qa3 Rc8 26. Ra1 Bf8 27. Qa6
Rcb8 28. Kg2 Nc6 29. Qa2 Na5 30. Ra4 Rb2 31. Qd5 Nc6 32. Ng5 R2b5 33. Nxf7 Qxf7
34. Qxc6 R5b6 35. Qd5 Qxd5 36. exd5 Rb3 37. c4 R3b4 38. Kf3 Bg7 39. Ke4 h6 40.
Bxc5 Rb2 41. Ra8 Kf7 42. Rxb8 Rxb8 43. Ra7+ Kf6 44. Be7+ 1-0

[Event "Madrid 2019-2020 ch - Previa A"]
[Site "Madrid ESP"]
[Date "2020.02.19"]
[Round "9.24"]
[White "Ramos Antona, Enrique"]
[Black "Jara Sanchez, Carlos"]
[Result "1-0"]
[WhiteElo "1436"]
[BlackElo "1652"]
[PlyCount "67"]
[EventDate "2020.02.03"]
[EventType "swiss"]
[EventRounds "9"]
[EventCountry "ESP"]
[SourceTitle "Ajedrez en Madrid"]
[Source "lmi"]
[SourceDate "2020.02.03"]
[SourceVersion "1"]
[SourceVersionDate "2020.02.27"]
[SourceQuality "1"]

1. d4 Nf6 2. c4 e6 3. Nf3 b6 4. g3 Bb7 5. Bg2 Bb4+ 6. Bd2 Qe7 7. a3 Bxd2+ 8.
Nbxd2 c5 9. e3 O-O 10. O-O d5 11. Re1 Nbd7 12. Rc1 Rac8 13. Qa4 a6 14. Qd1 Rc7
15. Ne5 Nxe5 16. dxe5 Nd7 17. f4 Rd8 18. cxd5 exd5 19. Qg4 Qe6 20. Qh4 Re8 21.
Nf3 f6 22. Bh3 Qc6 23. e6 Nf8 24. f5 h6 25. Qg4 Nh7 26. Qf4 Ng5 27. Bg2 Nxf3+
28. Bxf3 Rd8 29. g4 Qd6 30. Qxd6 Rxd6 31. Kf2 Kf8 32. h4 Rc8 33. e4 d4 34. e5
1-0

[Event "Madrid 2019-2020 ch - Previa A"]
[Site "Madrid ESP"]
[Date "2020.02.19"]
[Round "9.25"]
[White "Castro Uceda, Jose Antonio"]
[Black "Faggiano, Alessandro"]
[Result "1-0"]
[WhiteElo "1607"]
[BlackElo "1282"]
[PlyCount "115"]
[EventDate "2020.02.03"]
[EventType "swiss"]
[EventRounds "9"]
[EventCountry "ESP"]
[SourceTitle "Ajedrez en Madrid"]
[Source "lmi"]
[SourceDate "2020.02.03"]
[SourceVersion "1"]
[SourceVersionDate "2020.02.27"]
[SourceQuality "1"]

1. e4 c5 2. Nf3 d6 3. c3 Nc6 4. d4 cxd4 5. cxd4 e6 6. Nc3 Nf6 7. Be2 Be7 8. O-O
O-O 9. Bf4 a6 10. Qb3 Rb8 11. e5 dxe5 12. dxe5 Ne8 13. Rad1 Qc7 14. Qc4 b5 15.
Qe4 Bb7 16. Bd3 g6 17. Qe3 Ng7 18. Ne4 Nf5 19. Nf6+ Bxf6 20. Bxf5 Bg7 21. Be4
Rfd8 22. Bxc6 Rxd1 23. Rxd1 Bxc6 24. Rc1 Qb7 25. Ne1 Bd5 26. b3 a5 27. Qc5 a4
28. bxa4 bxa4 29. a3 Bf8 30. Qc3 Qb3 31. Qa1 Bxa3 32. Rc3 Qb1 33. Rxa3 Qxa1 34.
Rxa1 Ra8 35. Bc1 Bb3 36. Nd3 Rc8 37. f3 Kg7 38. Nb4 h6 39. Kf2 Rc4 40. Ba3 g5
41. g4 Kg6 42. Rc1 Rd4 43. Ke3 Rf4 44. Nd3 Rc4 45. Rxc4 Bxc4 46. Kd4 Bb3 47.
Nc5 Bd1 48. Ke3 h5 49. h3 h4 50. Nd3 Bb3 51. Kd2 Kg7 52. Nc5 Bd5 53. Ke3 Kg6
54. Nxa4 f6 55. exf6 Kxf6 56. Nc3 Bc6 57. Ne4+ Kg6 58. Be7 1-0

[Event "Madrid 2019-2020 ch - Previa A"]
[Site "Madrid ESP"]
[Date "2020.02.19"]
[Round "9.27"]
[White "Fernandez Sanchez, Jose M."]
[Black "Martin Rodriguez, Anastasio"]
[Result "0-1"]
[WhiteElo "1128"]
[BlackElo "1607"]
[PlyCount "62"]
[EventDate "2020.02.03"]
[EventType "swiss"]
[EventRounds "9"]
[EventCountry "ESP"]
[SourceTitle "Ajedrez en Madrid"]
[Source "lmi"]
[SourceDate "2020.02.03"]
[SourceVersion "1"]
[SourceVersionDate "2020.02.27"]
[SourceQuality "1"]

1. e4 d5 2. exd5 Nf6 3. Nc3 Nxd5 4. Nxd5 Qxd5 5. d4 Nc6 6. c3 Bf5 7. Nf3 e5 8.
Be2 exd4 9. cxd4 Bb4+ 10. Bd2 Nxd4 11. Nxd4 Qxd4 12. Bxb4 Qxb4+ 13. Qd2 Qxd2+
14. Kxd2 O-O-O+ 15. Ke1 Rhe8 16. f3 Bd3 17. Kf1 Rxe2 18. Rd1 Rxb2+ 19. Kg1 Rxa2
20. h3 Bg6 21. Kh2 Rxd1 22. Rxd1 c5 23. Rc1 Rc2 24. Rxc2 Bxc2 25. Kg1 c4 26.
Kf2 a5 27. Ke1 a4 28. Kd2 Bd3 29. Kc1 b5 30. Kd2 b4 31. Kc1 a3 0-1

[Event "Madrid 2019-2020 ch - Previa A"]
[Site "Madrid ESP"]
[Date "2020.02.19"]
[Round "9.28"]
[White "Rodriguez Bachiller, Luis"]
[Black "De Fuenmayor Fernandez de la, Carlos Pablo"]
[Result "0-1"]
[WhiteElo "1536"]
[BlackElo "1365"]
[PlyCount "98"]
[EventDate "2020.02.03"]
[EventType "swiss"]
[EventRounds "9"]
[EventCountry "ESP"]
[SourceTitle "Ajedrez en Madrid"]
[Source "lmi"]
[SourceDate "2020.02.03"]
[SourceVersion "1"]
[SourceVersionDate "2020.02.27"]
[SourceQuality "1"]

1. d4 d5 2. Bf4 Nf6 3. e3 c5 4. c3 Nc6 5. Nd2 Bg4 6. Ngf3 e6 7. Be2 Bd6 8. Ne5
Bxe2 9. Qxe2 cxd4 10. exd4 Bc7 11. O-O Nd7 12. Ndf3 Ndxe5 13. Nxe5 Nxe5 14.
Bxe5 Bxe5 15. Qxe5 O-O 16. Rfe1 Qb6 17. Re2 a5 18. h4 a4 19. h5 h6 20. g4 a3
21. b3 Qd8 22. Qg3 Rc8 23. Rc1 Qc7 24. Kg2 Qxg3+ 25. Kxg3 b5 26. Kf4 b4 27.
Rec2 g5+ 28. Ke5 bxc3 29. Rxc3 Rxc3 30. Rxc3 f5 31. Rf3 Rc8 32. gxf5 exf5 33.
b4 Rc2 34. Rxa3 Rxf2 35. Kf6 g4 36. Ra7 Rb2 37. Kg6 Kf8 38. Kxh6 Rxb4 39. Kg6
g3 40. Kf6 Rb6+ 41. Kxf5 g2 42. Ra8+ Kg7 43. Ra7+ Kh6 44. Ke5 g1=Q 45. Kxd5
Qg5+ 46. Ke4 Re6+ 47. Kd3 Qe3+ 48. Kc4 Qc1+ 49. Kd3 Re3# 0-1

[Event "Madrid 2019-2020 ch - Previa A"]
[Site "Madrid ESP"]
[Date "2020.02.19"]
[Round "9.29"]
[White "Menendez Domens, Juan Manuel"]
[Black "Enriquez Pastor, Jorge"]
[Result "1-0"]
[WhiteElo "1445"]
[BlackElo "1513"]
[PlyCount "115"]
[EventDate "2020.02.03"]
[EventType "swiss"]
[EventRounds "9"]
[EventCountry "ESP"]
[SourceTitle "Ajedrez en Madrid"]
[Source "lmi"]
[SourceDate "2020.02.03"]
[SourceVersion "1"]
[SourceVersionDate "2020.02.27"]
[SourceQuality "1"]

1. Nf3 Nf6 2. Nc3 d5 3. d4 e6 4. a3 c5 5. e3 cxd4 6. Bb5+ Bd7 7. exd4 Bxb5 8.
Nxb5 a6 9. Nc3 Bd6 10. Bg5 Nbd7 11. O-O O-O 12. Re1 Qc7 13. Ne2 h6 14. Be3 Ng4
15. g3 Nxe3 16. fxe3 Nf6 17. Ne5 Bxe5 18. dxe5 Qxe5 19. c3 Qxe3+ 20. Kg2 Qb6
21. Rb1 Ne4 22. Rf1 Qe3 23. Rf3 Qg5 24. Nf4 Qd8 25. Qd4 Nf6 26. Rbf1 Qc7 27. h3
Qc4 28. Qb6 Qb5 29. Qxb5 axb5 30. Nd3 Ne4 31. Re1 Nd2 32. Rf4 Ra4 33. Rf2 Ne4
34. Rf3 b6 35. Ne5 Nf6 36. Ref1 Re4 37. Nd3 Re2+ 38. Kg1 Ne4 39. Nf4 Rxb2 40.
Nxe6 Re8 41. Nc7 Rd8 42. Rxf7 Nxg3 43. R1f3 Ne2+ 44. Kf1 Nxc3 45. Ne6 Rc8 46.
Rxg7+ Kh8 47. Rff7 Rb1+ 48. Kg2 Rb2+ 49. Kf3 Rf2+ 50. Kxf2 Ne4+ 51. Kf3 Ng5+
52. Nxg5 hxg5 53. Rxg5 Rc3+ 54. Kg4 Rc4+ 55. Rf4 Rc1 56. Kf5 Rc4 57. Rxc4 bxc4
58. Ke5 1-0